000 00483nam a2200121Ia 4500
008 170221s9999 xx 000 0 und d
100 _aAhamad Faosiy Ogunbado
245 4 _aThe Significance of Islamic Spiritual Ethics in Human Personality Development
245 _cAhamad Faosiy Ogunbado, Umar Ahmed, Balogun Adekunle Daud
260 _bInternational Review of Management and Marketing
650 _xMarketing.
856 _uhttp://www.econjournals.com/index.php/irmm/issue/view/97
999 _c312401
_d312401